The Longman Dictionary of Law / (Record no. 8510)
[ view plain ]
| 000 -LEADER | |
|---|---|
| fixed length control field | 00635nam a22002177a 4500 |
| 003 - CONTROL NUMBER IDENTIFIER | |
| control field | OSt |
| 005 - DATE AND TIME OF LATEST TRANSACTION | |
| control field | 20190629142146.0 |
| 008 - FIXED-LENGTH DATA ELEMENTS--GENERAL INFORMATION | |
| fixed length control field | 170705b xxu||||| |||| 00| 0 eng d |
| 020 ## - INTERNATIONAL STANDARD BOOK NUMBER | |
| International Standard Book Number | 9781408257449 |
| 040 ## - CATALOGING SOURCE | |
| Original cataloging agency | LDCLIB |
| Transcribing agency | LDCLIB |
| 082 04 - DEWEY DECIMAL CLASSIFICATION NUMBER | |
| Edition number | 22 |
| Classification number | Ref. 340.03 |
| Item number | RIC |
| 100 1# - MAIN ENTRY--PERSONAL NAME | |
| Personal name | Richards, P. H. |
| 245 14 - TITLE STATEMENT | |
| Title | The Longman Dictionary of Law / |
| Statement of responsibility, etc | P. H. Richards and L. B. Curzon. |
| 250 ## - EDITION STATEMENT | |
| Edition statement | 8th ed. |
| 260 ## - PUBLICATION, DISTRIBUTION, ETC. (IMPRINT) | |
| Place of publication, distribution, etc | England : |
| Name of publisher, distributor, etc | Pearson Eduction Ltd., |
| Date of publication, distribution, etc | 2011. |
| 300 ## - PHYSICAL DESCRIPTION | |
| Extent | xviii, 508 p. ; |
| Dimensions | 21 cm. |
| 650 ## - SUBJECT ADDED ENTRY--TOPICAL TERM | |
| Topical term or geographic name as entry element | Law |
| General subdivision | Dictionaries |
| Geographic subdivision | Great Britain |
| 650 ## - SUBJECT ADDED ENTRY--TOPICAL TERM | |
| Topical term or geographic name as entry element | Law |
| General subdivision | Terminology |
| Geographic subdivision | Great Britain |
| 700 1# - ADDED ENTRY--PERSONAL NAME | |
| Personal name | Curzon, L. B. |
| 942 ## - ADDED ENTRY ELEMENTS (KOHA) | |
| Source of classification or shelving scheme | Dewey Decimal Classification |
| Koha item type | Books |
| Withdrawn status | Lost status | Damaged status | Not for loan | Home library | Current library | Shelving location | Date acquired | Total Checkouts | Full call number | Barcode | Date last seen | Price effective from | Koha item type |
|---|---|---|---|---|---|---|---|---|---|---|---|---|---|
| Law Development Centre Main Library | Law Development Centre Main Library | Text Books and Laws | 07/05/2017 | Ref. 340.03 RIC | 2012/1344 | 07/05/2017 | 07/05/2017 | Books | |||||
| Law Development Centre Main Library | Law Development Centre Main Library | Text Books and Laws | 07/05/2017 | Ref. 340.03 RIC | 2012/1346 | 07/05/2017 | 07/05/2017 | Books |
